00430nam a2200145Ia 4500082001800000100002300018245002200041260006200063300001000125650002400135650004800159650004700207650001000254700002000264 a331.702 CAR-S aCarpenter, Peter G 0aStarting a career aAustraliabAustralian Council for Educational Reseac1989 a102p. aVocational guidance aVocational interests - Longitudinal studies aStudent aspirations - Longitudinal studies aYouth aWestern, John S